[Event "61st ch-RUS HL"]
[Site "Novokuznetsk RUS"]
[Date "2008.09.12"]
[Round "9"]
[White "Landa,K"]
[Black "Tregubov,P"]
[Result "1/2-1/2"]
[WhiteElo "2615"]
[BlackElo "2658"]

1.e4 c5 2.Nf3 e6 3.Nc3 Nc6 4.d4 cxd4 5.Nxd4 Qc7 6.Be3 a6 7.Bd3 Nf6 8.O-O b5
9.Nxc6 Qxc6 10.a3 Bb7 11.Qe2 Be7 12.f4 O-O 13.e5 Nd5 14.Nxd5 Qxd5 15.c4 bxc4
16.Bxc4 Qc6 17.Rac1 Bc5 18.Bxc5 Qxc5+ 19.Qf2 Qxf2+ 20.Rxf2 Rfb8 21.b4 Bc6
22.f5 a5 23.fxe6 fxe6 24.Bxe6+ dxe6 25.Rxc6 axb4 26.axb4 Ra1+ 27.Rf1 Rxf1+
28.Kxf1 Rxb4 29.Rxe6 Rb5 30.Kf2 Kf7 31.Ra6  1/2-1/2

[Event "TCh-SRB 1st League w"]
[Site "Subotica SRB"]
[Date "2008.09.12"]
[Round "10"]
[White "Eric,J"]
[Black "Bojovic,J"]
[Result "1-0"]
[WhiteElo "2111"]
[BlackElo "1901"]

1.e4 c5 2.Nf3 e6 3.d4 cxd4 4.Nxd4 Nc6 5.Nc3 Qc7 6.Be3 a6 7.Qd2 Nf6 8.f3 Bb4
9.O-O-O d5 10.Bg5 dxe4 11.Nxc6 bxc6 12.fxe4 O-O 13.Bd3 Nd7 14.a3 Ba5 15.Qe1 Qe5
16.Bd2 Nc5 17.Qg3 Qxg3 18.hxg3 Nxd3+ 19.cxd3 Rb8 20.Rh5 Bb6 21.Rdh1 h6 22.g4 f6
23.e5 Bd4 24.exf6 Bxf6 25.Rc5 Bb7 26.Ne4 Bd4 27.Rc4 c5 28.Nxc5 Bxc5 29.Rxc5 Bxg2
30.Rg1 Bd5 31.b4 Rf3 32.Kc2 Rd8 33.Rc7 Rf7 34.Rc3 Rf3 35.g5 hxg5 36.Rxg5 Rd7
37.a4 Rb7 38.Rc5 Rf2 39.Kc3 Rf1 40.Kd4 Rf3 41.Rc8+ Kf7 42.Bc3 Rh3 43.Kc5 g6
44.Be5 Rxd3 45.Rh8 Re3 46.Bd4 Rc7+ 47.Kd6 Rc6+ 48.Kd7 Rd3 49.Rh7+ Kf8 50.Rh8+ Kf7
51.Rh4 e5 52.Rxe5 Rf3 53.Re7+  1-0

[Event "TCh-SRB 1st League"]
[Site "Subotica SRB"]
[Date "2008.09.12"]
[Round "11"]
[White "Jevtic,Mio"]
[Black "Roganovic,Milo"]
[Result "1-0"]
[WhiteElo "2316"]
[BlackElo "2393"]

1.e4 c5 2.Nf3 Nc6 3.Nc3 e6 4.d4 cxd4 5.Nxd4 Nf6 6.g3 Qb6 7.Nb3 Bb4 8.Bg2 Qa6
9.Bd2 d5 10.a3 Bxc3 11.Bxc3 Nxe4 12.Bxe4 dxe4 13.Qg4 Ne7 14.Qxg7 Rg8 15.Qxh7 e5
16.Qxe4 Bf5 17.Qe2 Qxe2+ 18.Kxe2 Bxc2 19.Nc5 O-O-O 20.Rac1 Bg6 21.f3 Nc6
22.Rhd1 f5 23.Rxd8+ Rxd8 24.Ne6 Rd6 25.Ng5 Kd7 26.Rd1 Rxd1 27.Kxd1 Kd6 28.g4 Nd8
29.h4 fxg4 30.fxg4 Nf7 31.Nxf7+ Bxf7 32.Ke2 Bd5 33.Kf2 Ke6 34.Kg3 Kf6 35.h5 a6
36.Kh4 Bb3 37.Ba5 Bd1 38.Bd8+ Ke6 39.Kg5 Be2 40.Bb6 Bd1 41.Be3 Be2 42.Bd2 Bd1
43.Bc3 b5 44.Kg6 Bxg4 45.h6 Bf5+ 46.Kg7 e4 47.h7 Bxh7 48.Kxh7 Kf5 49.Bd2 a5
50.Bxa5 e3 51.b3 Ke4 52.Be1 Kd3 53.Kg6 Kc2 54.a4  1-0

[Event "DMP Ekstraliga"]
[Site "Karpacz POL"]
[Date "2008.09.13"]
[Round "8"]
[White "Bobras,P"]
[Black "Hnydiuk,A"]
[Result "1/2-1/2"]
[WhiteElo "2561"]
[BlackElo "2387"]

1.e4 c5 2.Nf3 e6 3.d4 cxd4 4.Nxd4 Nc6 5.Nc3 Qc7 6.Be3 a6 7.Qd2 Nf6 8.O-O-O Bb4
9.f3 Ne5 10.Nb3 b5 11.Qe1 Rb8 12.Bd4 Nc6 13.Qg3 Qxg3 14.hxg3 Nxd4 15.Rxd4 Bf8
16.g4 b4 17.Nd1 a5 18.Nxa5 Ra8 19.Nc4 Bc5 20.Rd2 d5 21.g5 Nxe4 22.fxe4 dxc4
23.g6 fxg6 24.Bxc4 Ke7 25.Kb1 Ba6 26.Bxa6 Rxa6 27.c3 h6  1/2-1/2

[Event "DMP Ekstraliga"]
[Site "Karpacz POL"]
[Date "2008.09.13"]
[Round "8"]
[White "Butkiewicz,L"]
[Black "Gdanski,J"]
[Result "1-0"]
[WhiteElo "2284"]
[BlackElo "2523"]

1.e4 c5 2.Nf3 e6 3.d4 cxd4 4.Nxd4 Nc6 5.Nc3 Qc7 6.Be2 a6 7.Be3 Bb4 8.Nxc6 dxc6
9.Qd4 Bxc3+ 10.Qxc3 Nf6 11.O-O-O O-O 12.f3 Re8 13.Bc5 b5 14.h4 Nd7 15.Bd6 Qb6
16.h5 h6 17.e5 a5 18.g4 f6 19.exf6 Nxf6 20.Bc5 Qc7 21.Kb1 Nd5 22.Qe1 Qf4
23.Qf2 e5 24.Bd3 Be6 25.Be4 Rad8 26.Qe1 b4 27.Ka1 Rd7 28.Bf2 a4 29.Bg3 Qf8
30.Bxe5 b3 31.a3 Nf6 32.Bxf6 Qxf6 33.Rxd7 Bxd7 34.cxb3 axb3 35.Qb4 Be6 36.Rc1 Bf7
37.Rxc6 Qg5 38.Qc3 Qd8 39.Qc1 Bd5 40.Bxd5+ Qxd5 41.Rc8 Rf8 42.Rxf8+ Kxf8
43.f4 Qf3 44.g5 hxg5 45.fxg5 Qxh5 46.Qf4+ Ke7 47.Qe3+ Kd6 48.Qxb3 Qxg5 49.Qb6+ Kd7
50.a4 Qc1+ 51.Ka2 g5 52.Qd4+ Ke6 53.Kb3 Qe1 54.Qc4+ Kf5 55.Qb5+ Kf4 56.a5 g4
57.a6 g3 58.Qa4+ Kf3 59.a7  1-0

[Event "4th ch-EU"]
[Site "Liverpool ENG"]
[Date "2008.09.13"]
[Round "5"]
[White "Cannon,Ra"]
[Black "Ewart,B"]
[Result "1-0"]
[WhiteElo "2041"]
[BlackElo "1902"]

1.e4 c5 2.Nc3 Nc6 3.Nf3 e6 4.d4 cxd4 5.Nxd4 d6 6.Be2 Nf6 7.O-O Be7 8.Be3 O-O
9.f4 Qc7 10.Ndb5 Qb8 11.a4 Bd7 12.Qd2 Nb4 13.Bf3 Bc6 14.Qf2 d5 15.Nxa7 dxe4
16.Nxc6 bxc6 17.Nxe4 Nfd5 18.Bc5 Bxc5 19.Nxc5 Qxf4 20.c3 Na6 21.Nxa6 Rxa6
22.Bxd5 Qxf2+ 23.Kxf2 cxd5 24.Ke3 Rb8 25.b4 Rc8 26.Kd3 Rc4 27.a5 Rac6 28.Ra3 e5
29.a6 e4+ 30.Kd2 Rc8 31.a7 Ra8 32.b5 Rc7 33.b6 Rd7 34.Rb1 Rb7 35.Ra5 f5 36.Rxd5 g6
37.c4  1-0

[Event "Team Match FIN-SWE"]
[Site "Mariehamn FIN"]
[Date "2008.09.13"]
[Round "1"]
[White "Franzen,T"]
[Black "Haapasalo,JP"]
[Result "1-0"]
[WhiteElo "2046"]
[BlackElo "2167"]

1.Nc3 c5 2.Nf3 Nc6 3.d4 cxd4 4.Nxd4 e6 5.e4 a6 6.Be3 Nf6 7.Bd3 Qc7 8.f4 Bb4
9.Qf3 d6 10.O-O Nxd4 11.Bxd4 Bc5 12.Bxc5 Qxc5+ 13.Kh1 e5 14.Nd5 Nxd5 15.exd5 O-O
16.fxe5 dxe5 17.Rae1 Qd6 18.Qe4 g6 19.Qxe5  1-0

[Event "61st ch-RUS HL"]
[Site "Novokuznetsk RUS"]
[Date "2008.09.13"]
[Round "10"]
[White "Skorchenko,D"]
[Black "Vorobiov,E"]
[Result "0-1"]
[WhiteElo "2511"]
[BlackElo "2550"]

1.e4 c5 2.Nc3 e6 3.Nf3 Nc6 4.d4 cxd4 5.Nxd4 Qc7 6.Be3 a6 7.Bd3 Nf6 8.O-O Nxd4
9.Bxd4 Bc5 10.Be2 d6 11.Bxf6 gxf6 12.Qd2 h5 13.Kh1 h4 14.h3 Bd7 15.f4 Ke7
16.Bf3 Rad8 17.Rae1 Bc8 18.Nd1 Bd7 19.Nf2 Bb5 20.Be2 Bxf2 21.Rxf2 Qb6 22.Bf3 Bc6
23.c4 Qc5 24.Rc1 a5 25.b3 Rhg8 26.Qb2 Rg3 27.Qe2 Rdg8 28.Re1 f5 29.exf5 Bxf3
30.Rxf3 Rxg2 31.Qxg2 Rxg2 32.Kxg2 Qxf5 33.Re2 b5 34.cxb5 Qxb5 35.Rc2 Kf6
36.a3 Kf5 37.Rb2 d5 38.b4 axb4 39.axb4 f6 40.Kf2 d4 41.Kg2 Ke4 42.Rf1 d3
43.Re1+ Kxf4 44.Rf2+ Kg5 45.Kh2 Qb8+ 46.Kh1 Qb7+ 47.Kh2 Qc7+ 48.Kg1 Qb6 49.Kg2 f5
50.Rf3 Qxb4 51.Rxe6 d2 52.Rd3 Qb2 53.Kf3 d1=Q+  0-1

[Event "61st ch-RUS HL"]
[Site "Novokuznetsk RUS"]
[Date "2008.09.13"]
[Round "10"]
[White "Timofeev,Arty"]
[Black "Bocharov,D"]
[Result "1-0"]
[WhiteElo "2650"]
[BlackElo "2582"]

1.e4 c5 2.Nf3 e6 3.d4 cxd4 4.Nxd4 Nc6 5.Nc3 Qc7 6.f4 a6 7.Nf3 b5 8.Bd3 Bb7
9.O-O Nf6 10.Kh1 Nb4 11.a3 Nxd3 12.cxd3 Be7 13.Be3 Rc8 14.Rc1 Qb8 15.f5 e5
16.Qe1 O-O 17.Qg3 d6 18.Bh6 Ne8 19.h4 Kh8 20.Bg5 f6 21.Be3 d5 22.exd5 b4
23.axb4 Bxb4 24.h5 Nd6 25.Nh4 Rf7 26.Qg4 Bxc3 27.bxc3 Bxd5 28.c4 Bc6 29.Rb1 Qc7
30.Kg1 Qd7 31.Ra1 Bb7 32.Rf2 Kg8 33.Kh2 Qc7 34.Qg3 Rd7 35.Rb2 Qd8 36.Rb6 Rcc7
37.Rab1 Rc6 38.h6 Rxb6 39.Rxb6 Qc7 40.c5 Ne8 41.Re6 Re7 42.hxg7 Qd7 43.Qg4 Bd5
44.c6 Bxc6 45.Rxe7  1-0

[Event "XXV Aniversario"]
[Site "Parla ESP"]
[Date "2008.09.13"]
[Round "8"]
[White "Prada Teruel,C"]
[Black "Ferreiro Calvo,M"]
[Result "0-1"]
[WhiteElo "1949"]
[BlackElo "2034"]

1.e4 c5 2.Nf3 e6 3.d4 cxd4 4.Nxd4 Nc6 5.Nc3 Qc7 6.Ndb5 Qb8 7.a4 a6 8.Na3 Qc7
9.Be3 b6 10.Nc4 Rb8 11.g3 Nf6 12.Bf4 e5 13.Be3 Bb4 14.Bg2 b5 15.axb5 axb5
16.Na3 Bxc3+ 17.bxc3 d6 18.O-O O-O 19.Qd3 Ba6 20.Rfb1 Nd8 21.Nxb5 Rxb5 22.Rxb5 Bxb5
23.Qxb5 Qxc3 24.Qa4 Ne6 25.Rd1 Nc5 26.Qc6 Qxc2 27.Qxd6 Nfxe4 28.Qd8 h6 29.Bxe4 Nxe4
30.Qd7 Nc3 31.Rd2 Qb1+ 32.Kg2 Qe4+ 33.Kg1 Ra8 34.Rd1 Nxd1 35.Qxd1 Rb8  0-1

[Event "Liga Nacional Ajedrez"]
[Site "Villa Martelli ARG"]
[Date "2008.09.13"]
[Round "6"]
[White "Valerga,D"]
[Black "Tovillas,D"]
[Result "1-0"]
[WhiteElo "2502"]
[BlackElo "2282"]

1.e4 c5 2.Nf3 Nc6 3.Nc3 e6 4.d4 cxd4 5.Nxd4 Nf6 6.Nxc6 dxc6 7.Qxd8+ Kxd8
8.Bf4 Bb4 9.O-O-O+ Ke7 10.f3 Rd8 11.Bd3 Bxc3 12.bxc3 h6 13.Be2 Rxd1+ 14.Rxd1 Ne8
15.h4 b6 16.h5 Bb7 17.e5 Rd8 18.Rxd8 Kxd8 19.Kd2 Kd7 20.g4 Ke7 21.Bg3 c5
22.Ke3 Bd5 23.Bh4+ f6 24.c4 Bb7 25.Bd3 Bc6 26.Bg3 Kd7 27.Bg6 Ke7 28.exf6+ Nxf6
29.Be5 Be8 30.Bd3 Bc6 31.Kf4 Kf8 32.Bg6 Ke7 33.Kg3 Be8 34.Bd3 Bc6 35.f4 Kf7
36.Kh4 Ne4 37.g5 Kg8 38.Be2 Nd2 39.Bb8 a6 40.Ba7 b5 41.cxb5 axb5 42.Bxc5 Nc4
43.a4 hxg5+ 44.fxg5 Kf7 45.Bd3 e5 46.axb5 Bxb5 47.Bg6+ Kg8 48.Be4 Nd2 49.Bd5+ Kh8
50.g6 Be2 51.Bf8 Nf3+ 52.Kg3 Nd4 53.h6 Nf5+ 54.Kf2 Bh5 55.hxg7+ Nxg7 56.Bf7 Bg4
57.Ke3  1-0

[Event "II ROMGAZ Open"]
[Site "Bucharest ROU"]
[Date "2008.09.14"]
[Round "4"]
[White "Petrenko,S"]
[Black "Tacu,V"]
[Result "1-0"]
[WhiteElo "2283"]
[BlackElo "2132"]

1.e4 c5 2.Nc3 e6 3.Nf3 Nc6 4.d4 cxd4 5.Nxd4 Qc7 6.Ndb5 Qb8 7.a4 a6 8.Na3 Bc5
9.Nc4 Nf6 10.Be2 O-O 11.O-O b5 12.axb5 axb5 13.Rxa8 Qxa8 14.e5 Ng4 15.Bxg4 bxc4
16.Bf3 Qb8 17.Bxc6 dxc6 18.Re1 Be7 19.Qg4 Rd8 20.Qxc4 c5 21.Qg4 Rd4 22.Qe2 Bb7
23.f3 Bc6 24.Rd1 Qb4 25.Rxd4 cxd4 26.Ne4 Bb5 27.Qd1 d3 28.c3 Qa5 29.Be3 f5
30.exf6 gxf6 31.Nd2 Ba6 32.b4 Qa3 33.Qb3 Qa1+ 34.Kf2 Qc1 35.Qxe6+  1-0

[Event "4th ch-EU"]
[Site "Liverpool ENG"]
[Date "2008.09.14"]
[Round "6"]
[White "David,Alb"]
[Black "Laznicka,V"]
[Result "1/2-1/2"]
[WhiteElo "2568"]
[BlackElo "2601"]

1.e4 c5 2.Nf3 e6 3.d4 cxd4 4.Nxd4 Nc6 5.Nc3 a6 6.Be2 d6 7.O-O Nf6 8.Be3 Be7
9.f4 O-O 10.a4 Bd7 11.Nb3 Na5 12.e5 Ne8 13.Nxa5 Qxa5 14.Ne4 Qc7 15.a5 Rc8
16.Bb6 Qb8 17.Bc5 Bc6 18.exd6 Nxd6 19.Bxd6 Bxd6 20.Qxd6 Bxe4 21.Qxb8 Rxb8  1/2-1/2

[Event "4th ch-EU"]
[Site "Liverpool ENG"]
[Date "2008.09.14"]
[Round "6"]
[White "Sulskis,S"]
[Black "Arakhamia,K"]
[Result "1-0"]
[WhiteElo "2562"]
[BlackElo "2448"]

1.e4 c5 2.Nf3 e6 3.d4 cxd4 4.Nxd4 Nc6 5.Nc3 d6 6.Be3 Nf6 7.f3 Be7 8.Qd2 O-O
9.g4 a6 10.O-O-O Nxd4 11.Qxd4 Qa5 12.Qb6 Qxb6 13.Bxb6 Bd7 14.g5 Nh5 15.h4 Ng3
16.Rg1 Nxf1 17.Rgxf1 Rac8 18.f4 Rc6 19.Ba5 Rfc8 20.Bb4 Bf8 21.Rf2 Be8 22.Rfd2 Rd8
23.e5 d5 24.Bxf8 Kxf8 25.Ne2 Rc4 26.Nd4 Bd7 27.b3 Rc3 28.Rd3 Rdc8 29.a4 b5
30.axb5 Bxb5 31.Rxc3 Rxc3 32.f5 exf5 33.Nxf5 Bd7 34.Nd6 Be6 35.Rd3 Rc6 36.Kd2 Ke7
37.Rc3 Rxc3 38.Kxc3 f6 39.gxf6+ gxf6 40.Kd4 h5 41.b4 Kd7 42.c3 Kc6 43.Ne8 fxe5+
44.Kxe5 Bg4 45.Nf6 Bf3 46.Kf4 Be2 47.Ke3 Bd1 48.Kd4 Bf3 49.Ke5 Kb5 50.Kf4 Bg2
51.Nxh5 d4 52.cxd4 Kxb4 53.Ke3 a5 54.Nf4 a4 55.Nxg2 a3 56.Kd3 a2 57.Ne3  1-0

[Event "4th ch-EU"]
[Site "Liverpool ENG"]
[Date "2008.09.14"]
[Round "6"]
[White "Spoelman,W"]
[Black "Conquest,S"]
[Result "0-1"]
[WhiteElo "2448"]
[BlackElo "2536"]

1.e4 c5 2.Nf3 Nc6 3.Nc3 e6 4.d4 cxd4 5.Nxd4 d6 6.Be3 Nf6 7.f3 Be7 8.Qd2 O-O
9.g4 Nd7 10.O-O-O Nxd4 11.Qxd4 Ne5 12.Be2 Bd7 13.f4 Nc6 14.Qd2 Qa5 15.Kb1 Rab8
16.g5 b5 17.Bg4 Rfd8 18.h4 b4 19.Ne2 d5 20.e5 d4 21.Nxd4 Nxd4 22.Bxd4 Bc6
23.Rhe1 Bc5 24.c3 bxc3 25.Qxc3 Bb4 26.Qxc6 Bxe1 27.f5 exf5 28.Bxf5 Bf2 29.Bd7 Bxd4
30.Rxd4 Qxe5 31.Rd2 Qe1+ 32.Qc1 Qxh4 33.Bf5 Rxd2 34.Qxd2 g6  0-1

[Event "4th ch-EU"]
[Site "Liverpool ENG"]
[Date "2008.09.14"]
[Round "6"]
[White "Carlsson,P"]
[Black "Daly,C"]
[Result "1-0"]
[WhiteElo "2514"]
[BlackElo "2311"]

1.e4 c5 2.Nf3 e6 3.d4 cxd4 4.Nxd4 Nc6 5.Nc3 d6 6.Be3 Nf6 7.f4 Be7 8.Qf3 O-O
9.O-O-O Qc7 10.Rg1 Nxd4 11.Bxd4 e5 12.fxe5 dxe5 13.Qg3 Be6 14.Bxe5 Qa5 15.Be2 Rfc8
16.Rgf1 Ne8 17.a3 Rc5 18.Nd5 Bxd5 19.exd5 Rxd5 20.Qb3 Rxd1+ 21.Bxd1 Nd6 22.Bxd6 Bxd6
23.Rxf7 Kh8 24.Qxb7 Rd8 25.Rd7 h6 26.Rxd8+ Qxd8 27.Bf3 a5 28.h3 g6 29.Kb1 Bf8
30.Qc6 Qd6 31.Qxd6 Bxd6 32.Ka2 Kg7 33.Kb3 Kf6 34.Ka4 Bc7 35.Kb5 Ke7 36.c4 Kd6
37.c5+ Kd7 38.b4 axb4 39.Bg4+ Kd8 40.axb4 h5 41.Be6 g5 42.Kc6 Bf4 43.Kb7  1-0

[Event "61st ch-RUS HL"]
[Site "Novokuznetsk RUS"]
[Date "2008.09.14"]
[Round "11"]
[White "Inarkiev,E"]
[Black "Vitiugov,N"]
[Result "1/2-1/2"]
[WhiteElo "2675"]
[BlackElo "2616"]

1.e4 c5 2.Nf3 e6 3.d4 cxd4 4.Nxd4 Nc6 5.Nc3 a6 6.Be3 Nf6 7.Qd2 Bb4 8.f3 d5
9.a3 Qa5 10.exd5 Nxd5 11.Nb3 Bxc3 12.Nxa5 Bxd2+ 13.Bxd2 Nxa5 14.Bxa5 Ne3
15.Kf2 Nxf1 16.Rhxf1 Bd7 17.Rfd1 Bc6 18.Rd6 O-O 19.Rad1 h6 20.Rd8 Rfxd8 21.Rxd8+ Rxd8
22.Bxd8 f6 23.Be7 Kf7 24.Bd6 Ke8 25.Bc5 Kf7 26.Bd6 Ke8 27.Bc5 Kf7  1/2-1/2

[Event "IV Geller Memorial"]
[Site "Odessa UKR"]
[Date "2008.09.14"]
[Round "6"]
[White "Tukhaev,A"]
[Black "Zherebukh,Y"]
[Result "1-0"]
[WhiteElo "2498"]
[BlackElo "2432"]

1.e4 c5 2.Nf3 e6 3.d4 cxd4 4.Nxd4 Nc6 5.Nc3 a6 6.Be3 Nf6 7.Be2 Be7 8.O-O d6
9.a4 O-O 10.f4 Qc7 11.Kh1 Re8 12.Qe1 Nxd4 13.Bxd4 e5 14.fxe5 dxe5 15.Qg3 Bd8
16.Be3 Be6 17.Bh6 g6 18.Rad1 Be7 19.Bg5 Kg7 20.Bxf6+ Bxf6 21.Bg4 Rad8 22.Bxe6 fxe6
23.h3 Rxd1 24.Rxd1 Rd8 25.Rxd8 Qxd8 26.Qd3 Qb6 27.b3 Qf2 28.Ne2 Bg5 29.Qf3 Qe1+
30.Kh2 Be7 31.Qg4 Kf7 32.Ng1 Bf6 33.Qe2 Qc1 34.Nf3 h5 35.Qd2 Qxd2 36.Nxd2 Ke7
37.Nc4 Kd7 38.Nb2 Kd6 39.Nd3 Bg5 40.Kg3 b5 41.axb5 axb5 42.c4 bxc4 43.bxc4 Bf6
44.Kf3 g5 45.Ke2 Bd8 46.Kd2 Ba5+ 47.Kc2 g4 48.hxg4 hxg4 49.Kb3 Kc6 50.Kc2 Kd6
51.Nf2 g3 52.Nd3 Kc6 53.Nxe5+ Kc5 54.Kd3 Bc7 55.Nf3 Bf4 56.Nd4 e5 57.Ne6+ Kb4
58.Nxf4 exf4 59.Ke2 Kxc4 60.Kf3  1-0

[Event "I Liga Seniorow"]
[Site "Ustron POL"]
[Date "2008.09.14"]
[Round "9"]
[White "Robak,Z"]
[Black "Dobrowolski,A"]
[Result "0-1"]
[WhiteElo "2264"]
[BlackElo "2357"]

1.e4 c5 2.Nf3 Nc6 3.d4 cxd4 4.Nxd4 e6 5.Nc3 Qc7 6.Be3 a6 7.Bd3 Nf6 8.O-O Nxd4
9.Bxd4 Bc5 10.Bxf6 gxf6 11.Qg4 Kf8 12.Kh1 b5 13.f4 b4 14.Ne2 Bb7 15.Ng3 Ke7
16.Qh4 h5 17.e5 Rag8 18.Rae1 Kf8 19.f5 fxe5 20.fxe6 dxe6 21.Qf6 Qe7 22.Ne4 Qxf6
23.Rxf6 Be7 24.Rff1 Ke8 25.Re2 h4 26.h3 f5 27.Nd2 Rg3  0-1

[Event "EYg18"]
[Site "Herceg Novi MNE"]
[Date "2008.09.15"]
[Round "1"]
[White "Fuchs,Ju"]
[Black "Asgarova,T"]
[Result "1-0"]
[WhiteElo "2197"]
[BlackElo "2008"]

1.e4 c5 2.Nf3 e6 3.d4 cxd4 4.Nxd4 Nc6 5.Nc3 d6 6.Be3 Be7 7.Qd2 Nf6 8.f3 O-O
9.O-O-O a6 10.g4 Nxd4 11.Bxd4 e5 12.Be3 Be6 13.Kb1 b5 14.g5 Nh5 15.Nd5 Bxd5
16.exd5 Rb8 17.Rg1 a5 18.Bh3 b4 19.Bg4 Nf4 20.Bxf4 exf4 21.h4 a4 22.Qxf4 b3
23.cxb3 axb3 24.a3 Qb6 25.Rge1 Bd8 26.Bf5 g6 27.Bd3 Rb7 28.Qh2 Be7 29.Rh1 Qe3
30.f4 h5 31.f5 Qc5 32.Qg2 Bd8 33.Rhf1 Bb6 34.fxg6 Qe3 35.gxf7+ Rbxf7 36.Rxf7 Rxf7
37.Qe2 Qg3 38.Qxh5 Qe5 39.Qg6+ Kf8 40.Qe6 Qd4 41.Qxd6+ Kg8 42.Qg6+ Kf8 43.Qh6+ Kg8
44.Bh7+ Rxh7 45.Qe6+ Kh8 46.Rxd4 Bxd4 47.d6 Rxh4 48.Qxb3  1-0

[Event "EYg16"]
[Site "Herceg Novi MNE"]
[Date "2008.09.15"]
[Round "1"]
[White "Schut,D"]
[Black "Miladinovic,L"]
[Result "1/2-1/2"]
[WhiteElo "2069"]
[BlackElo "1850"]

1.e4 c5 2.Nf3 e6 3.d4 cxd4 4.Nxd4 Nc6 5.Nc3 Qc7 6.Be3 a6 7.Qd2 Nf6 8.f3 Be7
9.O-O-O h5 10.Nb3 b5 11.Bd3 Ne5 12.Qf2 Rb8 13.Qg3 Nxd3+ 14.Rxd3 Qxg3 15.hxg3 d6
16.Bf4 e5 17.Bg5 b4 18.Nd1 Rb6 19.Nd2 Be6 20.g4 g6 21.Ne3 Nd7 22.Bxe7 Kxe7
23.Nd5+ Bxd5 24.Rxd5 Nf6 25.Rd3 Rc8 26.gxh5 Nxh5 27.Nf1 Nf4 28.Rd2 b3 29.axb3 Rxb3
30.Kb1 Rb5 31.Ne3 Rcb8 32.c3 Rb3 33.Kc1 a5 34.g3 Ne6 35.Nd5+ Kd7 36.Rhh2 a4
37.Kd1 a3 38.bxa3 Rxa3 39.Ke2 Ng5 40.Rh1 Ne6 41.Kf2 Nc7 42.Nxc7 Kxc7 43.Rh7 Rf8
44.Rc2  1/2-1/2

[Event "EYg18"]
[Site "Herceg Novi MNE"]
[Date "2008.09.15"]
[Round "1"]
[White "Girya,O"]
[Black "Kirpichenko,E"]
[Result "1-0"]
[WhiteElo "2350"]
[BlackElo "2026"]

1.e4 c5 2.Nc3 e6 3.Nge2 Nc6 4.d4 cxd4 5.Nxd4 a6 6.Nxc6 bxc6 7.Bd3 e5 8.O-O Bc5
9.Qg4 Qf6 10.Qg3 h6 11.Na4 Ba7 12.Be3 a5 13.Bxa7 Rxa7 14.Qe3 Ra8 15.Nb6 Rb8
16.Nc4 Ne7 17.f4 exf4 18.Rxf4 Qe6 19.Qg3 Ng6 20.Rf2 Ra8 21.Nd6+ Ke7 22.Rxf7+ Kd8
23.Bc4  1-0

[Event "4th Pichay Cup"]
[Site "Manila PHI"]
[Date "2008.09.15"]
[Round "3"]
[White "Nguyen Anh Dung"]
[Black "Tolentino,R"]
[Result "1-0"]
[WhiteElo "2499"]
[BlackElo "2375"]

1.e4 c5 2.Nf3 e6 3.d4 cxd4 4.Nxd4 Nc6 5.Nc3 Qc7 6.Be2 a6 7.O-O Nf6 8.Be3 Bb4
9.Na4 Be7 10.Nxc6 bxc6 11.Nb6 Rb8 12.Nxc8 Qxc8 13.Bd4 c5 14.Be5 Rb6 15.b3 Nxe4
16.Bxg7 Rg8 17.Be5 Bd6 18.Bxd6 Rxd6 19.Bd3 c4 20.bxc4 Qc6 21.Qf3 Nd2 22.Qxc6 Rxc6
23.Rfd1 Nxc4 24.Bxh7 Rg4 25.Bd3 Nb2 26.Rd2 Ra4 27.g3 Rc3 28.Rb1 Rxa2 29.Bxa6 d5
30.h4 Kf8 31.Bb5 Kg7 32.Kg2 Kh6 33.Re2 Kg7 34.Kf1 Kh6 35.Rd2 Kg7 36.Re2 Kh6
37.Be8 Kg7 38.h5 Rc8 39.h6+ Kf6 40.Bb5 d4 41.Re4 e5 42.Kg2 Rh8 43.f4 d3 44.cxd3 Nd1+
45.Kf3 Rf2+ 46.Kg4 Nc3 47.fxe5+ Kg6 48.Rbb4 Nxe4 49.Rxe4 Kxh6 50.Rf4 Rg8+
51.Kf5 Rb2 52.Rh4+ Kg7 53.Bc4 Kf8 54.Rf4 Re2 55.g4 Rg6 56.d4 Re1 57.d5 Kg7
58.g5 Rg1 59.Rg4 Rxg4 60.Kxg4 Rb6 61.Kf5 Rb4 62.Ba6 Rd4 63.d6 Rd2 64.Ke4 Kf8
65.Bd3 Rg2 66.Kf4 Rf2+ 67.Ke3 Rg2 68.g6 Rg3+ 69.Kd4 Rg4+ 70.Kd5 Rg1 71.gxf7 Kxf7
72.e6+ Kf6 73.e7 Kf7 74.Bb5  1-0

[Event "Autumn-3"]
[Site "Alushta UKR"]
[Date "2008.09.16"]
[Round "5"]
[White "Harutjunyan,G"]
[Black "Chernoukhov,A"]
[Result "1-0"]
[WhiteElo "2441"]
[BlackElo "1954"]

1.e4 c5 2.Nc3 e6 3.Nf3 Nc6 4.d4 cxd4 5.Nxd4 a6 6.Be3 Nge7 7.Nb3 d6 8.h4 b5
9.Qd2 Bb7 10.f4 Qc7 11.Bxb5 Rd8 12.Ba4 Nc8 13.Nd5 exd5 14.exd5 Be7 15.dxc6 Ba8
16.Qa5 Qxa5+ 17.Nxa5 d5 18.c7+ Rd7 19.O-O-O Nd6 20.Bc5  1-0

[Event "I Tancats A"]
[Site "Canovelles ESP"]
[Date "2008.09.16"]
[Round "4"]
[White "Rodriguez Vila,A"]
[Black "Pogorelov,R"]
[Result "1-0"]
[WhiteElo "2531"]
[BlackElo "2459"]

1.e4 c5 2.Nc3 Nc6 3.Nge2 e6 4.d4 cxd4 5.Nxd4 Qc7 6.g3 a6 7.Bg2 Nf6 8.O-O Be7
9.Re1 Nxd4 10.Qxd4 Bc5 11.Bf4 d6 12.Qd1 e5 13.Bg5 Ng4 14.Re2 Be6 15.Nd5 Bxd5
16.Qxd5 h6 17.Bc1 O-O 18.Qd3 Rae8 19.Qf3 Qd7 20.h3 Nxf2 21.Rxf2 Bxf2+ 22.Qxf2 f5
23.exf5 Rxf5 24.Qe3 d5 25.Qd3 d4 26.Qb3+ Rf7 27.Bd5 Rf8 28.Be6 Qc6 29.Bd2 d3
30.Rf1 Qc5+ 31.Kg2  1-0

[Event "EYg14"]
[Site "Herceg Novi MNE"]
[Date "2008.09.16"]
[Round "2"]
[White "Efroimski,M"]
[Black "Wisniowska,K"]
[Result "1-0"]
[WhiteElo "2091"]
[BlackElo "1905"]

1.e4 c5 2.Nf3 Nc6 3.d4 cxd4 4.Nxd4 e6 5.Nc3 a6 6.Be3 Nge7 7.Bd3 Nxd4 8.Bxd4 Nc6
9.Be3 Be7 10.Qe2 b5 11.a3 Bb7 12.O-O O-O 13.f4 Rc8 14.a4 b4 15.Nb1 a5 16.Nd2 d5
17.exd5 exd5 18.Bf5 Ra8 19.Rad1 g6 20.Bd3 Bf6 21.Bc5 Re8 22.Qf2 Bxb2 23.f5 Qf6
24.Kh1 g5 25.Bb5 Rec8 26.Nf3 Ne5 27.Bd4 Bxd4 28.Qxd4 Ng4 29.Qxg4 Rxc2 30.Nxg5 Kh8
31.Qh5 Qg7 32.f6 Qg6 33.Nxf7+  1-0

[Event "4th Pichay Cup"]
[Site "Manila PHI"]
[Date "2008.09.16"]
[Round "5"]
[White "Shanava,K"]
[Black "Zhang Zhong"]
[Result "0-1"]
[WhiteElo "2522"]
[BlackElo "2632"]

1.e4 c5 2.Nc3 e6 3.Nf3 Nc6 4.d4 cxd4 5.Nxd4 Qc7 6.Be3 a6 7.Bd3 Nf6 8.Nb3 Bd6
9.h3 O-O 10.O-O Be7 11.f4 d6 12.Qf3 b5 13.Kh1 Bb7 14.Rae1 Rac8 15.Bg1 Rfe8
16.Bh2 Nd7 17.Qg4 Nb4 18.a3 Nxd3 19.cxd3 Bf8 20.Nd4 Qb6 21.Bg1 Qd8 22.Bh2 Qf6
23.Nf3 Nc5 24.Rd1 Qg6 25.Qxg6 hxg6 26.Bg1 e5 27.Bxc5 Rxc5 28.Nd2 Be7 29.Nb3 Rcc8
30.f5 gxf5 31.Rxf5 Bd8 32.Rff1 Bb6 33.Rc1 Be3 34.Rce1 Bg5 35.Re2 Rc7 36.Na1 Rec8
37.Nc2 a5 38.Ne3 Rxc3 39.bxc3 Rxc3 40.Rd1 Bxe4 41.dxe4 Bxe3 42.Rxd6 Rxa3
43.Rc2 Bf4 44.Kg1 b4 45.Rc7 b3 46.Rb7 a4 47.g3 Bxg3 48.Rdd7 Bf4 49.Rxf7 Bh6
50.Kg2 Ra2+ 51.Kg3 b2 52.Rf3 a3 53.Kh4 Ra1  0-1

[Event "EYb18"]
[Site "Herceg Novi MNE"]
[Date "2008.09.17"]
[Round "3"]
[White "Nabaty,T"]
[Black "Katov,L"]
[Result "1/2-1/2"]
[WhiteElo "2431"]
[BlackElo "2242"]

1.e4 c5 2.Nf3 e6 3.Nc3 Nc6 4.d4 cxd4 5.Nxd4 Qc7 6.f4 a6 7.Nxc6 Qxc6 8.Bd3 Bc5
9.Qg4 Kf8 10.e5 f5 11.exf6 Nxf6 12.Qe2 b5 13.Be3 Bxe3 14.Qxe3 Bb7 15.O-O-O Rc8
16.f5 Qc5 17.Qd2 e5 18.Rhe1 Kf7 19.g4 Nxg4 20.Be4 d5 21.Bf3 Nf6 22.Rxe5 Rhe8
23.Nxd5 Bxd5 24.Bxd5+ Nxd5 25.Qxd5+ Qxd5 26.Rexd5 Re2 27.h3 Rh2 28.a4 bxa4
29.R1d3 Rf2 30.Rd7+ Kf6 31.Ra7 Rf4 32.Kd2 Rb4 33.Rxa6+ Kxf5 34.Ra5+ Kf6 35.Ra6+ Kf5
36.Ra5+  1/2-1/2

[Event "EYb14"]
[Site "Herceg Novi MNE"]
[Date "2008.09.17"]
[Round "3"]
[White "Pardo Simon,D"]
[Black "Admiraal,M"]
[Result "1-0"]
[WhiteElo "2204"]
[BlackElo "1944"]

1.e4 c5 2.Nf3 e6 3.Nc3 Nc6 4.d4 cxd4 5.Nxd4 Qc7 6.Be3 a6 7.Bd3 Nf6 8.O-O Ne5
9.f4 Neg4 10.Bd2 Bc5 11.Ne2 e5 12.fxe5 Qxe5 13.Bf4 Bxd4+ 14.Kh1 Qc5 15.Nxd4 Qxd4
16.e5 Nxe5 17.Bxe5 Qxe5 18.Re1 d6 19.Rxe5+ dxe5 20.Qe2 O-O 21.Qxe5 Ng4 22.Qf4 f6
23.Re1 Bd7 24.Qd4 Rae8 25.Rf1 Re7 26.h3 Ne5 27.Qe4 g6 28.Qxb7 f5 29.Re1 Rfe8
30.Rxe5 Rxe5 31.Qxd7 R8e7 32.Qc8+ Kg7 33.Qxa6 f4 34.Qc6 g5 35.Kg1 R7e6 36.Qc3 Kh6
37.Kf2 Re3 38.Qh8 Re7 39.a4  1-0

[Event "EYb18"]
[Site "Herceg Novi MNE"]
[Date "2008.09.17"]
[Round "3"]
[White "Krejci,Jan2"]
[Black "Volodin,Alek"]
[Result "1-0"]
[WhiteElo "2305"]
[BlackElo "2397"]

1.e4 c5 2.Nf3 e6 3.d4 cxd4 4.Nxd4 Nc6 5.Nc3 Qc7 6.Be2 Nf6 7.a3 Nxd4 8.Qxd4 Bc5
9.Qd3 O-O 10.Bg5 Be7 11.O-O-O a6 12.Kb1 h6 13.Bh4 Rd8 14.g4 d5 15.exd5 Nxd5
16.Bxe7 Qxe7 17.Nxd5 exd5 18.Bf3 Be6 19.h4 Rac8 20.g5 g6 21.gxh6 Qf6 22.Qd4 Qxd4
23.Rxd4 Kh7 24.Rhd1 Rc5 25.c4 Bf5+ 26.Ka2 Kxh6 27.Bxd5 Rc7 28.Be4 Rxd4 29.Rxd4 Bxe4
30.Rxe4 f5 31.Rd4 Kh5 32.Kb3 Rf7 33.Rf4 g5 34.hxg5 Kxg5 35.Rd4 f4 36.Kc3 Kg4
37.Rd3 f3 38.Rd8 Re7 39.b4 Re2 40.Rd2 Re7 41.b5 axb5 42.cxb5 Kh3 43.a4 Kg2
44.a5 Kf1 45.a6 bxa6 46.bxa6 Ra7 47.Ra2 Kg2 48.Kc4 Rc7+ 49.Kd5 Rd7+ 50.Kc5 Ra7
51.Kb6 Ra8 52.a7 Rh8 53.Kc6 Rg8 54.Rb2 Rg6+ 55.Kb7 Rg7+ 56.Ka6 Rg6+ 57.Ka5 Rg8
58.Rb8  1-0

[Event "EYg16"]
[Site "Herceg Novi MNE"]
[Date "2008.09.17"]
[Round "3"]
[White "Homiakova,El"]
[Black "Miladinovic,L"]
[Result "1-0"]
[WhiteElo "2078"]
[BlackElo "1850"]

1.e4 c5 2.Nf3 e6 3.Nc3 Nc6 4.d4 cxd4 5.Nxd4 Qc7 6.Be3 a6 7.Bd3 Nf6 8.O-O Nxd4
9.Bxd4 Bc5 10.Bxc5 Qxc5 11.Qf3 O-O 12.Rad1 d6 13.Rfe1 Bd7 14.Qg3 e5 15.Be2 Qb4
16.a3 Qxb2 17.Rxd6 Be6 18.Rb1 Qxa3 19.Qxe5 Rac8 20.Rd3 Qc5 21.Qf4 b5 22.Rg3 Ne8
23.Bg4 f5 24.Bh3 Kh8 25.e5 Rf7 26.Ra1 Qb6 27.Qb4 Rc4 28.Qa3 Rc6 29.Rb1 Qd4
30.Rd3 Qxe5 31.Rd8 Bd7 32.Rxd7 Rff6 33.Nd5 Rfd6 34.Re7 Re6 35.Rxe6 Qxe6 36.Qf8+ Qg8
37.Qxg8+ Kxg8 38.Ne7+  1-0